Die mächtigsten Pässe der Welt - Statistiken

Allgemein
  • Dieses Quiz wurde 108 mal gespielt
  • Das Durchschnittsergebnis liegt bei 14 aus 19
Antwortstatistiken
Platz Anzahl (Gesamt) Land % Korrekt
3 156 Deutschland
100%
10 155 Schweiz
90%
15 154 Spanien
90%
7 155 Frankreich
88%
2 157 Italien
88%
7 155 Österreich
87%
4 156 Schweden
86%
19 154 Norwegen
83%
7 155 Dänemark
81%
4 156 Finnland
81%
9 155 Polen
79%
15 154 Belgien
78%
4 156 Niederlande
76%
8 155 Luxemburg
71%
18 154 Tschechien
63%
11 155 Südkorea
51%
19 154 Ungarn
48%
15 154 Neuseeland
45%
1 160 Vereinigte Arabische Emiraten
19%
Keine übereinstimmenden Quizze gefunden
Verteilung der Resultate
Anzahl Personen mit jedem Resultat
Perzentil nach korrekt beantworteten Fragen
Ihre Resultats-Entwicklung
Sie haben dieses Quiz noch nicht gespielt